First Man (Record no. 13438)

MARC details
000 -LEADER
fixed length control field 00546nam a2200229 a 4500
020 ## - INTERNATIONAL STANDARD BOOK NUMBER
ISBN 9780141185231
082 00 - DEWEY DECIMAL CLASSIFICATION NUMBER
Classification number 920
Author Cutter CAM
100 ## - MAIN ENTRY--AUTHOR NAME
Author name Camus, Albert
245 ## - TITLE STATEMENT
Title First Man
260 ## - PUBLICATION, DISTRIBUTION, ETC. (IMPRINT)
Place of publication New Delhi
Name of publisher Penguin Books
Year of publication 2001
300 ## - PHYSICAL DESCRIPTION
Number of Pages 261p
500 ## - GENERAL NOTE
General note includes index and biblioraphy
650 ## - SUBJECT ADDED ENTRY--TOPICAL TERM
Topical Term Autobiography-Camus
942 ## - ADDED ENTRY ELEMENTS (KOHA)
Koha item type Books
700 1# -
-- Camus, Albert
Holdings
Collection code Home library Current library Date acquired Cost, normal purchase price Full call number Accession Number Koha item type
  Henry Martyn Institute Library Henry Martyn Institute Library 10/01/2013 350.00 920 CAM 024117 Books
                   Copyright © 2026 | Henry Martyn Institute | Hyderabad | TS-500052 | INDIA | Implemented by hmi.edu.in
Hit-Count:

Powered by Koha